<?xml version="1.0" encoding="UTF-8"?>
<record
    xmlns:xsi="http://www.w3.org/2001/XMLSchema-instance"
    xsi:schemaLocation="http://www.loc.gov/MARC21/slim http://www.loc.gov/standards/marcxml/schema/MARC21slim.xsd"
    xmlns="http://www.loc.gov/MARC21/slim">

  <leader>05118nam a2200517 a 4500</leader>
  <controlfield tag="001">000116264</controlfield>
  <controlfield tag="003">CHAP</controlfield>
  <controlfield tag="005">20240808173827.0</controlfield>
  <controlfield tag="007">ta</controlfield>
  <controlfield tag="008">191016s2019    mx ado frm   |||1|||spa d</controlfield>
  <datafield tag="010" ind1=" " ind2=" ">
    <subfield code="a">112725</subfield>
  </datafield>
  <datafield tag="011" ind1=" " ind2=" ">
    <subfield code="a">113697</subfield>
  </datafield>
  <datafield tag="040" ind1=" " ind2=" ">
    <subfield code="c">CHAP</subfield>
    <subfield code="a">mxchpua</subfield>
    <subfield code="e">rda</subfield>
  </datafield>
  <datafield tag="041" ind1="0" ind2=" ">
    <subfield code="a">spa</subfield>
    <subfield code="b">eng</subfield>
  </datafield>
  <datafield tag="090" ind1=" " ind2=" ">
    <subfield code="a">Tesis </subfield>
    <subfield code="b">G88 </subfield>
    <subfield code="c">2019</subfield>
  </datafield>
  <datafield tag="100" ind1="1" ind2=" ">
    <subfield code="a">Guti&#xE9;rrez Calleja, Francisco Javier</subfield>
  </datafield>
  <datafield tag="245" ind1="1" ind2="0">
    <subfield code="a">An&#xE1;lisis de vibraciones y detecciones de fallas mec&#xE1;nicas en ventiladores centr&#xED;fugos de calderas mediante el colector de datos DLI DCX 3.40 /</subfield>
    <subfield code="c">Francisco Javier Gut&#xED;errez Calleja</subfield>
  </datafield>
  <datafield tag="264" ind1=" " ind2=" ">
    <subfield code="a">Chapingo, M&#xE9;xico :</subfield>
    <subfield code="b">El autor,</subfield>
    <subfield code="c">2019</subfield>
  </datafield>
  <datafield tag="300" ind1=" " ind2=" ">
    <subfield code="a">xi, 82 hojas :</subfield>
    <subfield code="b">ilustraciones, gr&#xE1;ficas, fotograf&#xED;as +</subfield>
    <subfield code="e">1 CD-ROM</subfield>
  </datafield>
  <datafield tag="336" ind1=" " ind2=" ">
    <subfield code="2">rdacontent</subfield>
    <subfield code="a">texto</subfield>
    <subfield code="b">txt</subfield>
  </datafield>
  <datafield tag="337" ind1=" " ind2=" ">
    <subfield code="2">rdamedia</subfield>
    <subfield code="a">no mediado</subfield>
    <subfield code="b">n</subfield>
  </datafield>
  <datafield tag="338" ind1=" " ind2=" ">
    <subfield code="2">rdacarrier</subfield>
    <subfield code="a">volumen</subfield>
    <subfield code="b">nc</subfield>
  </datafield>
  <datafield tag="502" ind1=" " ind2=" ">
    <subfield code="a">Memoria de Experiencia Profesional</subfield>
    <subfield code="b">(Ingeniero Agroindustrial) --</subfield>
    <subfield code="c">UACh. Departamento de Ingenier&#xED;a Agroindustrial,</subfield>
    <subfield code="d">2019</subfield>
  </datafield>
  <datafield tag="504" ind1=" " ind2=" ">
    <subfield code="a">Bibliograf&#xED;a: hoja 82</subfield>
  </datafield>
  <datafield tag="520" ind1="3" ind2=" ">
    <subfield code="a">Descripci&#xF3;n de c&#xF3;mo se realiza, actualmente en la industria, un an&#xE1;lisis de vibraciones para prever fallas en los ventiladores centr&#xED;fugos que alimentan los hogares de las calderas de un ingenio azucarero. Los an&#xE1;lisis de vibraciones se realizan utilizando un colector de datos de vibraci&#xF3;n DLI DCX 3.40. El documento contiene una revisi&#xF3;n somera de la teor&#xED;a de vibraciones mec&#xE1;nicas y una descripci&#xF3;n detallada de los principios f&#xED;sicos de funcionamiento del instrumento. Puesto que el an&#xE1;lisis de vibraciones es una parte importante del mantenimiento en el ingenio azucarero, consideramos como contribuci&#xF3;n principal de esta tesis la integraci&#xF3;n en un solo documento de los principios te&#xF3;rico-pr&#xE1;cticos que rigen la pr&#xE1;ctica moderna en materia de mantenimiento de equipo rotatorio y, particularmente, de ventiladores centr&#xED;fugos. El principio b&#xE1;sico del mantenimiento predictivo basado en el registro y an&#xE1;lisis de las vibraciones mec&#xE1;nicas se sustenta sobre dos premisas: 1. La vibraci&#xF3;n es inevitable y 2. Los patrones del movimiento vibratorio de un mismo componente var&#xED;an a lo largo de su vida &#xFA;til. En otras palabras, el registro y monitoreo de los datos de vibraci&#xF3;n puede servir, y de hecho as&#xED; es, para la detecci&#xF3;n oportuna de fallas en los elementos de la m&#xE1;quina. Las ventajas de la detecci&#xF3;n oportuna de fallas repercuten en la econom&#xED;a y en la productividad del proceso ya que elimina las p&#xE9;rdidas que resultan de paros no programados de la maquinaria y, tambi&#xE9;n, suprime los problemas de calidad, como los malos acabados, que pueden inducirse por variaci&#xF3;n excesiva de los par&#xE1;metros del movimiento vibratorio.</subfield>
  </datafield>
  <datafield tag="520" ind1="3" ind2=" ">
    <subfield code="a">Description of how a vibration analysis is currently carried out in the industry to predict failures in the centrifugal fans that feed the homes of the boilers of a sugar mill. The vibration analyzes are performed using a DLI DCX 3.40 vibration data collector. The document contains a brief review of the theory of mechanical vibrations and a detailed description of the physical principles of operation of the instrument. Since the analysis of vibrations is an important part of the maintenance in the sugar mill, we consider as the main contribution of this thesis the integration in a single document of the theoretical-practical principles that govern the modern practice in the matter of maintenance of rotating equipment and, particularly, centrifugal fans. The basic principle of predictive maintenance based on the recording and analysis of mechanical vibrations is based on two premises: 1. Vibration is inevitable and 2. Patterns of vibratory movement of the same component vary throughout its useful life. In other words, the recording and monitoring of the vibration data can serve, and indeed it is, for the timely detection of faults in the elements of the machine. The advantages of the timely detection of faults have an impact on the economy and on the productivity of the process, since it eliminates the losses that result from unscheduled shutdowns of the machinery and also eliminates quality problems, such as bad finishing, which can be induced by excessive variation of the parameters of the vibratory movement.</subfield>
  </datafield>
  <datafield tag="590" ind1=" " ind2=" ">
    <subfield code="a">E11695DGD</subfield>
    <subfield code="b">10</subfield>
    <subfield code="c">20191017</subfield>
  </datafield>
  <datafield tag="590" ind1=" " ind2=" ">
    <subfield code="a">E6339RRR</subfield>
    <subfield code="b">05</subfield>
    <subfield code="c">20191016</subfield>
  </datafield>
  <datafield tag="590" ind1=" " ind2=" ">
    <subfield code="a">E6339RRR</subfield>
    <subfield code="b">05</subfield>
    <subfield code="c">20191016</subfield>
  </datafield>
  <datafield tag="650" ind1="1" ind2="4">
    <subfield code="a">Ingenier&#xED;a mec&#xE1;nica</subfield>
    <subfield code="x">Maquinaria</subfield>
  </datafield>
  <datafield tag="650" ind1="1" ind2="3">
    <subfield code="a">Ventiladores (maquinaria)</subfield>
    <subfield code="x">Mantenimiento y reparaci&#xF3;n</subfield>
    <subfield code="2">atg</subfield>
  </datafield>
  <datafield tag="650" ind1="1" ind2="3">
    <subfield code="a">Vibraci&#xF3;n</subfield>
    <subfield code="x">Calderas</subfield>
    <subfield code="2">atg</subfield>
  </datafield>
  <datafield tag="650" ind1="1" ind2="3">
    <subfield code="a">Programas de computadores  </subfield>
    <subfield code="x">DCX</subfield>
    <subfield code="2">atg</subfield>
  </datafield>
  <datafield tag="650" ind1="1" ind2="3">
    <subfield code="a">Fans (equipment)</subfield>
    <subfield code="x">Maintenance and repair</subfield>
    <subfield code="2">atg</subfield>
  </datafield>
  <datafield tag="650" ind1="1" ind2="3">
    <subfield code="a">Vibration</subfield>
    <subfield code="x">Boilers</subfield>
    <subfield code="2">atg</subfield>
  </datafield>
  <datafield tag="650" ind1="1" ind2="3">
    <subfield code="a">Computer software  </subfield>
    <subfield code="x">DCX</subfield>
    <subfield code="2">atg</subfield>
  </datafield>
  <datafield tag="700" ind1="1" ind2=" ">
    <subfield code="a">L&#xF3;pez Bautista, Vicente</subfield>
    <subfield code="e">director</subfield>
  </datafield>
  <datafield tag="700" ind1="1" ind2=" ">
    <subfield code="a">Ascencio Rivera, J. Rogelio</subfield>
    <subfield code="e">asesor</subfield>
  </datafield>
  <datafield tag="700" ind1="1" ind2=" ">
    <subfield code="a">P&#xE9;rez Barr&#xF3;n, Juan</subfield>
    <subfield code="e">asesor</subfield>
  </datafield>
  <datafield tag="856" ind1="4" ind2="1">
    <subfield code="u">http://10.13.5.2/tesis/sist116264.pdf</subfield>
    <subfield code="y">DESCARGAR PDF</subfield>
  </datafield>
  <datafield tag="901" ind1=" " ind2=" ">
    <subfield code="a">Tesis G88 2019</subfield>
  </datafield>
  <datafield tag="942" ind1=" " ind2=" ">
    <subfield code="c">TESIS</subfield>
    <subfield code="2">Clasificaci&#xF3;n Universidad Aut&#xF3;noma Chapingo</subfield>
  </datafield>
  <datafield tag="999" ind1=" " ind2=" ">
    <subfield code="c">112725</subfield>
    <subfield code="d">112725</subfield>
  </datafield>
  <datafield tag="952" ind1=" " ind2=" ">
    <subfield code="0">0</subfield>
    <subfield code="1">0</subfield>
    <subfield code="2">local</subfield>
    <subfield code="4">0</subfield>
    <subfield code="7">1</subfield>
    <subfield code="8">TESIS</subfield>
    <subfield code="a">BC</subfield>
    <subfield code="b">BC</subfield>
    <subfield code="d">2019-10-16</subfield>
    <subfield code="f">TESIS</subfield>
    <subfield code="l">0</subfield>
    <subfield code="o">Tesis</subfield>
    <subfield code="p">116276-10</subfield>
    <subfield code="r">2019-12-31 00:00:00</subfield>
    <subfield code="w">2019-10-16</subfield>
    <subfield code="y">CD</subfield>
  </datafield>
  <datafield tag="952" ind1=" " ind2=" ">
    <subfield code="0">0</subfield>
    <subfield code="1">0</subfield>
    <subfield code="2">local</subfield>
    <subfield code="4">0</subfield>
    <subfield code="5">1</subfield>
    <subfield code="7">0</subfield>
    <subfield code="8">TESIS</subfield>
    <subfield code="a">IA_</subfield>
    <subfield code="b">IA_</subfield>
    <subfield code="d">2022-09-02</subfield>
    <subfield code="e">El autor</subfield>
    <subfield code="l">0</subfield>
    <subfield code="o">Tesis G88 2019</subfield>
    <subfield code="p">1101013628</subfield>
    <subfield code="r">2026-02-02 00:00:00</subfield>
    <subfield code="t">Ej. 1</subfield>
    <subfield code="y">TESIS</subfield>
  </datafield>
  <datafield tag="952" ind1=" " ind2=" ">
    <subfield code="0">0</subfield>
    <subfield code="1">0</subfield>
    <subfield code="2">local</subfield>
    <subfield code="4">0</subfield>
    <subfield code="5">1</subfield>
    <subfield code="7">0</subfield>
    <subfield code="8">TESIS</subfield>
    <subfield code="a">IA_</subfield>
    <subfield code="b">IA_</subfield>
    <subfield code="d">2022-09-02</subfield>
    <subfield code="e">El autor</subfield>
    <subfield code="l">0</subfield>
    <subfield code="o">Tesis G88 2019</subfield>
    <subfield code="p">1101013629</subfield>
    <subfield code="r">2022-09-02 00:00:00</subfield>
    <subfield code="t">Ej. 2</subfield>
    <subfield code="y">CD</subfield>
  </datafield>
  <datafield tag="952" ind1=" " ind2=" ">
    <subfield code="0">0</subfield>
    <subfield code="1">0</subfield>
    <subfield code="2">local</subfield>
    <subfield code="4">0</subfield>
    <subfield code="7">0</subfield>
    <subfield code="8">TesDigL</subfield>
    <subfield code="a">IA_</subfield>
    <subfield code="b">IA_</subfield>
    <subfield code="c">E_L</subfield>
    <subfield code="d">2023-02-27</subfield>
    <subfield code="e">El autor</subfield>
    <subfield code="l">0</subfield>
    <subfield code="p">1201013628</subfield>
    <subfield code="r">2023-02-27 00:00:00</subfield>
    <subfield code="w">2023-02-27</subfield>
    <subfield code="y">TD</subfield>
  </datafield>
</record>
